000 00622nam a2200193 a 4500
001 000045813
005 20201002052447.0
008 150515d2001 dr ac 000 0 spa d
040 _aDO-SdBNP
_bspa
_cBNPHU
082 _axxxx
_bxxxx
100 1 _aCoiscou Weber, Rodolfo.
_919739
245 1 0 _aHistoria de la cultura dominicana /
_cRodolfo Coiscou-Weber.
250 _a3a. ed.
260 _aSanto Domingo :
_bImpresora Isla,
_c2001.
300 _av. :
_bil., retrs. ;
_c21 cm.
490 1 _aAntología de nuestra voz
_v6
500 _aIncluye datos biográficos del autor.
830 0 _aAntología de nuestra voz.
_v6
_923130
999 _c45302
_d45302